004940000a22001330004500090001700000245014700017041001400164700003700178700003700215100003900252942001300291773003900304999001700343 aASbSeriadas10aMicrospora () en Simuliidae y Ultraestructura de Polydispyrenia simulii y polydispyrenia sp. nov. parasitos de los Andes colombianos0 aEspañol1 aMuñoz de Hoyos, Paulina9990881 aRomero de Pérez, Gloria9205841 aTorres Fernández, Orlando999200 cARTICULO1 tCaldasia345h2q211-229d1993g17 c14935d14935